| 000 | 00669nam a2200205 a 4500 | ||
|---|---|---|---|
| 999 |
_c1137 _d1137 |
||
| 001 | 1137 | ||
| 003 | BD-JhCC | ||
| 005 | 20171015184109.0 | ||
| 008 | 171015s2006 bg |||| |||| 000 0 ben d | ||
| 035 | _a(BD-JhCC)1137 | ||
| 040 |
_aBD-JhCC _dBD-JhCC |
||
| 041 | _aben | ||
| 082 |
_a891.443 _bSAB 2006 |
||
| 100 | _aসাবের, মঈনুল আহসান | ||
| 245 |
_aএই দেখা যায় বাংলাদেশ / _cমঈনুল আহসান সাবের |
||
| 260 |
_aঢাকা: _bদিব্য প্রকাশ, _c২০০৬ |
||
| 300 |
_a৭৬ পৃ.; _c২২ সে.মি. |
||
| 650 | _aBengali Novel | ||
| 942 |
_2ddc _cBK |
||